Welcome to CU Library Online Public Access Catalogue (OPAC)

Market Orientation and Competitive Performance: (Record no. 5619)

MARC details
000 -LEADER
fixed length control field 00514nam a22001577a 4500
005 - DATE AND TIME OF LATEST TRANSACTION
control field 20250430144953.0
008 - FIXED-LENGTH DATA ELEMENTS--GENERAL INFORMATION
fixed length control field 250430b |||||||| |||| 00| 0 eng d
020 ## - INTERNATIONAL STANDARD BOOK NUMBER
International Standard Book Number 9789988600624
050 ## - LIBRARY OF CONGRESS CALL NUMBER
Classification number HF5415.2 APP
100 ## - MAIN ENTRY--PERSONAL NAME
Personal name Appiah-Adu Kwaku
245 ## - TITLE STATEMENT
Title Market Orientation and Competitive Performance:
Remainder of title A Comparison of Firms in Industrialised and Emerging Economies
Statement of responsibility, etc. Kwaku Appiah-Adu
260 ## - PUBLICATION, DISTRIBUTION, ETC.
Place of publication, distribution, etc. Accra
Name of publisher, distributor, etc. Smartline Limited
Date of publication, distribution, etc. 2009
300 ## - PHYSICAL DESCRIPTION
Extent xii. 108p.
Other physical details ill.
Dimensions 23 cm
650 ## - SUBJECT ADDED ENTRY--TOPICAL TERM
Source of heading or term Marketing
942 ## - ADDED ENTRY ELEMENTS (KOHA)
Source of classification or shelving scheme Library of Congress Classification
Koha item type Books
Suppress in OPAC No
999 ## -
-- 5619
-- 5619
Holdings
Withdrawn status Lost status Source of classification or shelving scheme Damaged status Not for loan Collection Home library Current library Shelving location Date acquired Total checkouts Full call number Barcode Date last seen Copy number Price effective from Koha item type
    Library of Congress Classification     Non-fiction Business Library (Miotso) Business Library (Miotso) General stacks 04/30/2025   HF5415.2 APP BSSM00002162 04/30/2025 1 04/30/2025 Books
    Library of Congress Classification     Non-fiction Business Library (Miotso) Business Library (Miotso) General stacks 04/30/2025   HF5415.2 APP BSSM00002163 04/30/2025 2 04/30/2025 Books
    Library of Congress Classification     Non-fiction Business Library (Miotso) Business Library (Miotso) General stacks 04/30/2025   HF5415.2 APP BSSM00002164 04/30/2025 3 04/30/2025 Books
    Library of Congress Classification     Non-fiction Business Library (Miotso) Business Library (Miotso) General stacks 04/30/2025   HF5415.2 APP BSSM00002165 04/30/2025 4 04/30/2025 Books
    Library of Congress Classification       Graduate Library (Christ Temple) Graduate Library (Christ Temple) General stacks 02/05/2026   HF5415.2APP gsct00002231 02/05/2026   02/05/2026 Books
    Library of Congress Classification     Non-fiction Undergraduate Library (Christ Temple) Undergraduate Library (Christ Temple) General stacks 05/05/2025   HF 5415.2 APP ulct00002221 05/05/2025 1 05/05/2025 Books
© 2023-2024 Copyright: Central University Libraries. All Rights Reserved | Created by: Mahone Tech Office